|
|
|
|
| LEADER |
00000nam a2200000 a 4500 |
| 001 |
vtls001275011 |
| 003 |
SK-MaSNL |
| 005 |
20260302065614.0 |
| 008 |
251124s1994 PL aa r y 0 pol |
| 015 |
|
|
|a SNBZSA2001-00282
|
| 035 |
|
|
|a SNK000226207
|
| 040 |
|
|
|a SNK
|b slo
|c SNK
|e AACR2
|
| 041 |
0 |
|
|a pol
|
| 044 |
|
|
|a PL
|
| 080 |
|
|
|a 808.1-4(041)=84
|2 1981
|
| 100 |
1 |
|
|a Mańczak, Witold,
|d 1924-2016
|4 aut
|9 221995
|
| 245 |
1 |
0 |
|a Najważniejsze uwarunkowanie rozwoju językowego
|b frekwencja
|c Witold Mańczak
|
| 260 |
|
|
|a Warszawa
|b SOW
|c 1994
|
| 300 |
|
|
|a S. 87-93
|b tab.
|c 24 cm
|
| 500 |
|
|
|a Bez obál. a tit. strany
|
| 500 |
|
|
|a Hlavičkový náz.
|
| 500 |
|
|
|a Sep. odt. z: Uwarunkowania i przyczyny zmian językowych
|
| 504 |
|
|
|a Bibliogr. odkazy
|
| 650 |
0 |
7 |
|a slovanské jazyky
|2 SNK
|9 1338
|
| 655 |
|
7 |
|a separáty
|2 SNK
|9 70334
|
| 958 |
|
|
|a ZS
|
| 958 |
|
|
|a TL
|
| 958 |
|
|
|a NB
|
| 958 |
|
|
|a SS
|
| 999 |
|
|
|c 1142913
|d 1144843
|
| 952 |
|
|
|t P60, <03>, [BOOK], {603}
|a SNK
|b SNK
|y PREZ
|7 0
|p 17A0312239
|o snkOSC 21403
|i snkK 1288/2001
|g 0.17
|0 0
|1 0
|4 0
|d 2001-09-11
|l 0
|r 2005-01-02 00:00:00
|w 2026-02-24
|